Stati per esportazioni di Camion - Statistics

Statistiche generali
  • Questo quiz è stato fatto 13 volte
  • Il punteggio medio è 8 su 10
Statistiche sulle risposte
Esportazioni (milioni $) Continente Nazione % Corretto
4 563 Europa Italia
100%
12 243 America del Nord Canada
92%
4 782 Asia Cina
92%
4 700 Europa Francia
92%
26 666 Europa Germania
92%
16 673 America del Nord Stati Uniti
92%
17 324 America del Nord Messico
85%
3 949 America del Sud Argentina
77%
5 167 Europa Spagna
77%
7 539 Asia Thailandia
31%
Nessun quiz corrispondente trovato
Distribuzione punteggi
Percentuale di utenti per punteggio
Percentile per numero di risposta
I tuoi punteggi nel tempo
Non hai fatto questo quiz